Oxidation. V 2 (Record no. 26486)

MARC details
000 -LEADER
fixed length control field 00304nam a2200121Ia 4500
082 ## - DEWEY DECIMAL CLASSIFICATION NUMBER
Classification number 541.45
Item number AUG.2
100 ## - MAIN ENTRY--AUTHOR NAME
Personal name Augustine, Robert L
245 #0 - TITLE STATEMENT
Title Oxidation. V 2
260 ## - PUBLICATION, DISTRIBUTION, ETC. (IMPRINT)
Place of publication New York
Name of publisher Marcel Dekker
Year of publication 1971
700 ## - ADDED ENTRY--PERSONAL NAME
Personal name Trecker, David J
942 ## - ADDED ENTRY ELEMENTS (KOHA)
Koha item type Books
Holdings
Withdrawn status Lost status Damaged status Not for loan Home library Current library Date acquired Cost, normal purchase price Full call number Accession Number Koha item type
        RRII Library RRII Library 16/12/2021 26.75 541.45 AUG.2 07119 Books